000 00537nmm a2200181Ia 4500
008 251105s9999||||xx |||||||||||||||||und||
020 _a9788497887083
041 _aspa
100 _aCurto Gordo, Víctor
245 0 _aRedacción publicitaria
264 _a[Madrid, España] :
_bUniversitat Oberta de Catalunya,
_c2008
300 _a220 páginas
650 _aEconomics and Business
700 _aCurto Gordo, Víctor
700 1 _a Sabaté López, Joan
856 _uhttps://public.digitaliapublishing.com/a/20525
942 _cCF
999 _c64403
_d64403